| 000 | 00689nam a2200229 a 4500 | ||
|---|---|---|---|
| 005 | 20251203063959.0 | ||
| 008 | 060404s2005 mx r 000 0 spa d | ||
| 020 | _a9681671775 | ||
| 035 | _aUPN01000143757 | ||
| 049 | _aCG | ||
| 050 | 4 |
_aZ1003 _bC6.2 |
|
| 100 | 1 |
_aColomer Martínez, Teresa _931071 |
|
| 245 | 1 | 0 |
_aAndar entre libros : _bla lectura literaria en la escuela / _cTeresa Colomer. |
| 260 |
_aMéxico : _bFCE, _c2005. |
||
| 300 | _a279 p. | ||
| 440 | 0 | _aEspacios para la lectura | |
| 650 | 4 |
_aLibros y lectura _95227 |
|
| 650 | 4 |
_aLectura _xEstudio y enseñanza _96274 |
|
| 650 | 4 |
_aIntereses en la lectura _94851 |
|
| 650 | 2 |
_aHábitos de lectura _96074 |
|
| 905 | _aLibro | ||
| 999 |
_c115904 _d115904 |
||